000 00223nam a22000857a 4500
008 160712b xxu||||| |||| 00| 0 eng d
100 _92624
_a Furlow, E.S
245 _aThe Human Touch
260 _aAtlanta
_b Southern Baptist
_c1975
999 _c2279
_d2279